| 000 | 00388nab a22001097u 4500 | ||
|---|---|---|---|
| 008 | 130520b2005 xxu||||| |||| 00| 0 spa d | ||
| 041 | _aspa | ||
| 100 | 1 |
_aMorales, José Tadeo _977904 |
|
| 245 | 0 | 0 |
_aFundamentos epistemológicos para la educación más allá de la postomodernidad _cJosé Tadeo Morales |
| 773 | 0 |
_tAnthropos _gV.26, nº1-2,2005,págs. 59-72 _x0254-1629 _wRev38 |
|
| 942 | _cAR | ||
| 999 |
_c384894 _d384894 |
||